Responses for show #5163 - Wednesday, February 7, 2007

2007 Teen Tournament quarterfinal game 3.

Contestants

[<< previous game]

Myles Jeffrey, a senior from Seal Beach, California

Allison Dziuba, a junior from Ridgefield, Connecticut

Caroline Bartman, a senior from Washington, D.C.

[next game >>]

Jeopardy! Round responses

BIBLICAL SPEAKERS BUREAU
(Alex: You have to identify the speaker, of course.)
POPULAR CULTURE
TECH-KNOW
I WROTE THAT
THE ZODIAC
(Alex: Information...)
FROM THE LATIN
    $200 26
Jesus

Caroline
    $200 6
TiVo

Caroline
    $200 21
the Shuffle

Myles
    $200 16
Mark Twain

Caroline
    $200 11
Cancer

Allison
    $200 1
(Allison: What's the clarinet?)

the tuba

Allison
Triple Stumper
    $2,200 27
(Alex: Speaking to Samson, of course.)

Delilah

Caroline
    $400 7
Candie's

Allison
    $400 22
the PlayStation 3

Myles
    $400 17
Charles Dickens

Allison
    $400 12
Aquarius

Allison
    $400 2
a proclamation

Myles
    $600 28
(Alex: The man who figured to need comforting--[*].)

Job

Triple Stumper
    $600 8
a text message

Allison
    $600 23
Google

Caroline
    $600 18
J.K. Rowling

Caroline
    $600 13
Sagittarius

Myles
    $600 3
author

Caroline
    $800 29
the serpent

Caroline
    $800 9
a Sandwich

Caroline
    $800 24
Firefox

Myles
    $800 19
Stephen King

Allison
    $800 14
Libra

Allison
    $800 4
a dictionary

Myles
    $1000 30
(Alex: And that was [*]. That's why he had his brother Aaron speak for him on many occasions.)

Moses

Triple Stumper
    $1000 10
FedEx

Caroline
    $1000 25
T-Mobile

Myles
    $1000 20
J.D. Salinger

Triple Stumper
    $1000 15
Capricorn

Allison
    $1000 5
a sonata

Allison

Scores at the first commercial break (after clue 15):

Caroline Allison Myles
$2,600 $4,200 $1,800

Scores at the end of the Jeopardy! Round:

Caroline Allison Myles
$7,200 $5,400 $4,200

Double Jeopardy! Round responses

NATIVE AMERICANS
HAIL TO THE CHIEF
TEENS UNDER THE MICROSCOPE
WINTER SPORTS
ISLANDS
YOU GET AN "F"
    $400 26
a tomahawk

Myles
    $400 21
Cleveland

Myles
    $400 6
(Alex: Yeah, when they start.)

16

Caroline
    $400 1
(Caroline: What is ice skating?)
(Alex: Ice skating? Be more specific.)
(Caroline: Um, [*].)

figure skating

Caroline
    $400 11
Puerto Rico

Caroline
    $400 16
faith

Allison
    $800 27
a dreamcatcher

Allison
    $800 22
(Allison: Who is JFK?)

Lyndon Baines Johnson

AllisonMyles
    $800 7
migraines

Myles
    $800 2
snowboarding

Myles
    $800 12
the Aleutians

Myles
    $800 17
(Allison: What is feeble?)

fragile

AllisonMyles
    $1200 28
Apache

Triple Stumper
    $1200 23
(Gerald) Ford

Caroline
    $1200 8
depression

Myles
    $1200 3
alpine ski

Caroline
    $1200 13
Tasmania

Allison
    $1200 18
the follicle

Allison
    $2,400 29
(Allison: What do I have to lose? True Daily Double!)
...
(Allison: What is the Sioux?)
(Alex: Oh, no, the Sioux are further north. This is the [*].)

Cherokee

Allison
    $1600 24
Wilson

Caroline
    $1600 9
lead

Caroline
    $1600 4
bobsled

Caroline
    $1600 14
Pitcairn Island

Triple Stumper
    $1600 19
ferns

Myles
    $2000 30
(Allison: What is a wigwam?)
(Myles: What is a tepee?)

a hogan

AllisonMyles
Triple Stumper
    $2000 25
(James) Buchanan

Myles
    $2000 10
Protestants

Caroline
    $2000 5
speed skating

Myles
    $5,000 15
(Alex: You were having difficulty ringing in for quite a while, but now you deal with this clue all by yourself and you could move into second place.)
...
(Allison: What is Java?)
(Alex: No, what is [*]? [*]. You were in the right part of the world, but it's [*].)

Borneo

Allison
    $2000 20
a fife

Caroline

Scores at the end of the Double Jeopardy! Round:

Caroline Allison Myles
$19,600 -$2,000 $13,800

Final Jeopardy! Round responses

SCIENTISTS
(Alex: There were three very important aspects to that clue: "World War I", "she", and "X-ray".)
MylesWho is Marie Curie?
$4,008
CarolineWho is Marie Curie?
$3,000
Marie Curie

Final scores:

Caroline Allison Myles
$22,600 -$2,000 $17,808
Automatic semifinalist 3rd place: $5,000 if eliminated 2nd place: $5,000 if eliminated

Game dynamics:

Coryat scores:

Caroline Allison Myles
$17,800 $5,400 $13,800
20 R
(including 1 DD),
0 W
13 R,
6 W
(including 2 DDs)
18 R,
1 W

Combined Coryat: $37,000

The J! Archive is created by fans, for fans. The Jeopardy! game show and all elements thereof, including but not limited to copyright and trademark thereto, are the property of Jeopardy Productions, Inc. and are protected under law. This website is not affiliated with, sponsored by, or operated by Jeopardy Productions, Inc. Join the discussion at JBoard.tv.